| 000 | 00365pab a2200145 454500 | ||
|---|---|---|---|
| 008 | 180718b2005 xxu||||| |||| 00| 0 eng d | ||
| 100 | _aBatley, Richard | ||
| 245 | _aMozambique: the costs of `owning' aid | ||
| 260 | _c2005 | ||
| 300 | _ap.415-24. | ||
| 362 | _aDec | ||
| 650 | _aEconomic aid | ||
| 773 | _aPublic Administration and Development | ||
| 909 | _a68208 | ||
| 999 |
_c68208 _d68208 |
||